Responses for Show #5315 - Friday, October 19, 2007

Contestants

[<< previous game]

Barbara Frascelli, a housewife and mother from Staten Island, New York

Clare Willis, a law student from Chicago, Illinois

Shad Small, an office assistant from Lafayette, California (whose 2-day cash winnings total $40,700)

[next game >>]

Jeopardy! Round responses

THE OLD TESTAMENT
SHOW BIZ STUFF
AMERICANA
E-MAIL ADDRESSES?
(Alex: I'm not so sure about that.)
THE VENERABLE BEAD
"L" TO PAY
    $200 8
Noah's ark

Barbara
    $200 4
Young Frankenstein

Barbara
    $200 11
Hawaii

Clare
    $200 21
John Roberts

Shad
    $200 26
Manhattan

Shad
    $200 1
Labour

Shad
    $400 10
Jacob & Esau

Clare
    $400 5
Paris Hilton

Clare
    $400 12
Carson City

Shad
    $400 22
Julius Caesar

Shad
    $400 27
furs

Clare
    $400 2
lovebirds

Clare
    $600 13
the Philistines

Shad
    $600 6
Boston Legal

Clare
    $600 15
(Alex: Because it had been designed by Thomas Jefferson, [*].)

the University of Virginia

Triple Stumper
    $600 23
(Jimmy) Hoffa

Clare
    $600 28
an eclipse

Barbara
    $600 3
the leader

Barbara
    $800 14
Sarah

Clare
    $800 7
Keith Richards

Shad
    $1,000 18
(Shad: What is Kentucky?)

Arkansas

Shad
    $800 24
George Washington Carver

Shad
    $800 29
cross-eyes

Barbara
    $800 16
lumbar vertebrae

Shad
    $1000 17
the fifth

Triple Stumper
    $1000 9
Ice Age

Shad
    $1000 19
Florida

Clare
    $1000 25
Jack Webb

Barbara
    $1000 30
Hermann Hesse

Shad
    $1000 20
a loofah

Barbara

Scores at the first commercial break (after clue 16):

Shad Clare Barbara
$3,800 $2,800 $1,000

Scores at the end of the Jeopardy! Round:

Shad Clare Barbara
$5,400 $4,800 $4,400

Double Jeopardy! Round responses

PHILOSOPHY
BASEBALL FRANCHISE SHIFTS
THIS SIDE OF PARASITES
BANNED
AROUND THE WORLD
BERRY, BERRY GOOD
    $400 3
death

Shad
    $400 1
the Giants

Barbara
    $400 11
mistletoe

Shad
    $400 21
foxes

Barbara
    $400 13
Israel

Shad
    $400 22
Huckleberry Hound

Clare
    $800 4
(Alex: They were referring to [*].)

categories

Triple Stumper
    $800 2
Milwaukee

Shad
    $800 12
a pearl

Clare
    $800 27
diamonds

Shad
    $800 14
Colombia

Triple Stumper
    $800 23
Strawberry Fields

Barbara
    $1200 5
theism

Shad
    $1200 8
Kansas City

Shad
    $1,200 18
(Alex: [*] is right. Population Services International. They're doing good work.)

Malaria

Shad
    $1200 28
Kenya

Barbara
    $1200 15
Peru

Shad
    $1200 24
Queensberry

Barbara
    $1600 6
common sense

Shad
    $1600 9
(Claire: Who are the Montreal Expos?)

the Minnesota Twins

Clare
Triple Stumper
    $1600 19
encephalitis

Clare
    $1600 29
Roger Williams

Barbara
    $1600 16
Romania

Triple Stumper
    $1,200 25
(Alex: Yes, I saw it on [*].)

Mulberry Street

Barbara
    $2000 7
epistemology

Triple Stumper
    $2000 10
(Barbara: Who are the Colorado Rockies?)

the Texas Rangers

Barbara
Triple Stumper
    $2000 20
(Alex: And you've often heard the expression "venting your [*]".)

spleen

Triple Stumper
    $2000 30
(Claire: What is the Automatic Weapons Ban?)

the Assault Weapons Ban

Clare
Triple Stumper
    $2000 17
(Alex: And the kingdom is [*].)

Tonga

Triple Stumper
    $2000 26
Dogberry

Triple Stumper

Scores at the end of the Double Jeopardy! Round:

Shad Clare Barbara
$14,600 $4,000 $9,200

[wagering suggestions for these scores]

Final Jeopardy! Round responses

AMERICAN HISTORY
(Alex: 1803--were we at war? What was going on?)
ClareWhat was the end of the Bank of the U.S.?
$3,500
BarbaraWhat is the purchase of Alaska?
$5,000
ShadWhat is the Louisiana Purchase?
$3,801
the Louisiana Purchase

Final scores:

Shad Clare Barbara
$18,401 $500 $4,200
3-day champion: $59,101 3rd place: $1,000 2nd place: $2,000

Game dynamics:

Coryat scores:

Shad Clare Barbara
$15,600 $4,000 $9,600
21 R
(including 1 DD),
1 W
(including 1 DD)
12 R,
2 W
14 R
(including 1 DD),
1 W

Combined Coryat: $29,200

[game clues] [game scores] [suggest correction]

Game tape date: 2007-07-30
The J! Archive is created by fans, for fans. Scraping, republication, monetization, and malicious use prohibited; this site may use cookies and collect identifying information. See terms. The Jeopardy! game show and all elements thereof, including but not limited to copyright and trademark thereto, are the property of Jeopardy Productions, Inc. and are protected under law. This website is not affiliated with, sponsored by, or operated by Jeopardy Productions, Inc. Join the discussion at JBoard.tv.